Hrnkové primulky /
Uložené v:
| Hlavný autor: | |
|---|---|
| Ďalší autori: | , |
| Médium: | Kniha |
| Jazyk: | Czech |
| Vydané: |
Praha :
Tisková, ediční a propagační služba,
1970
|
| Vydanie: | 1. vyd. |
| ISBN: |
(brož.) |
| Fyzický popis: |
127, [5] s., [8] s. fot. příl. [8] s. barev. fot. príl. : tab. |
| Tagy: |
Pridať tag
Žiadne tagy, Buďte prvý kto otaguje tento záznam!
|
Titul je dostupný aj v ... 

MARC
| LEADER | 00000nam a22000001 4500 | ||
|---|---|---|---|
| 001 | 000410032 | ||
| 005 | 20121113171716.0 | ||
| 008 | 970414s1970 xr cze d | ||
| 020 | |a (brož.) |c Kčs 15,00 | ||
| 040 | |a SVKKK |b slo |c SVKKK |e AACR2 | ||
| 041 | 0 | |a cze | |
| 044 | |a xr |c CZ | ||
| 100 | 1 | |a Hieke, Karel, |d 1930- |4 aut |4 ill | |
| 245 | 1 | 0 | |a Hrnkové primulky / |c Karel Hieke ; obr.: G. Hieková, H. Kopečná ; perokresby odrůd: K. Hieke. |
| 250 | |a 1. vyd. | ||
| 260 | |a Praha : |b Tisková, ediční a propagační služba, |c 1970 |e (Čes. Budějovice : |f Jihočes. tisk. 1) | ||
| 300 | |a 127, [5] s., [8] s. fot. příl. [8] s. barev. fot. príl. : |b tab. | ||
| 366 | |e 10000 výtl. | ||
| 504 | |a Prehľad lit. | ||
| 500 | |a Obálka: Věra Šalamounová | ||
| 700 | 1 | |a Hieková, G. |4 ill | |
| 700 | 1 | |a Kopečná, H. |4 ill | |
| 910 | |a svkkk | ||
| 910 | |a svkkk | ||
| 998 | |a BK | ||
| 090 | |g SCKHL |k Sklad Hlavná 10 suterén |a I.37900 |j 461922 |i 2720548690 |s Vyradená | ||
| 090 | |g SCKHL |k Sklad Hlavná 10 suterén |a I.38078 |j 439977 |i 2720629210 |s Absenčne | ||